Estadísticas para Prueba de Yucatán

Haz click aquí para intentar la prueba.

Estadísticas generales

  • Esta prueba ha sido intentada 10 veces
  • La puntuación promedio es 5 de 20

Estadísticas de respuestas

HintRespuesta% Correcto
CapitalMérida
88%
Maravilla del mundo ubicada en YucatánChichen Itzá
75%
Civilización a la que pertenecían las ruinas de la respuesta anteriorMaya
50%
Segunda ciudad más pobladaValladolid
50%
Autor y compositor de "Esta tarde vi llover"Armando Manzanero
38%
Verso, muchas veces con tintes cómicos, popular en el hablar yucatecoBomba
25%
Vestido tradicional utilizado por un número considerable de mujeres tanto en el día a día como en fiestas regionalesHipil
25%
Baile regional, típico de las fiestas regionales en el estadoJarana
25%
Platillo similar a un tamal, muy popular durante las épocas de Día de MuertosPibipollo
25%
Puerto ubicado a 25 kilómetros al norte de la capitalPuerto Progreso
25%
Versión yucateca de la criatura mitológica conocia como duendeAlux
13%
Cráter ubicado en Yucatán, donde se cree popularmente que cayó el meteorito que extinguió a los dinosauriosChicxulub
13%
Gobernador entre 1922 y 1924, fundador de la Universidad Autónoma de YucatánFelipe Carrillo Puerto
13%
Fundador de la capital del estadoFrancisco de Montejo
13%
Guerra ocurrida entre 1847 y 1901Guerra de Castas
13%
Manera de llamar al altar del Día de Muertos en el estadoHanal Pixan
13%
Versión maya de Quetzalcóatl, quien posee un templo ubicado en la respuesta 6Kukulcán
13%
Traducción de la respuesta anterior en españolComida de almas
0%
Líder indígena que protagonizó una revuelta contra el Imperio Español a mediados del siglo XVIIIJacinto Canek
0%
Lugar donde se pueden avistar flamingosRío Lagartos
0%

Distribución de puntuación

Porcentaje por número respondido

Porcentaje de gente con cada puntuación

Historial de tus puntuaciones

No has intentado esta prueba.